Normal view
MARC view
- الثورة العربية الكبرى - تاريخ -1916
Entry Topical Term
001 - CONTROL NUMBER
- control field: 48697
003 - CONTROL NUMBER IDENTIFIER
- control field: JO-AjAnu
005 - DATE AND TIME OF LATEST TRANSACTION
- control field: 20230606082029.0
008 - FIXED-LENGTH DATA ELEMENTS
- fixed length control field: 230606|| aca||aabn | a|a d
040 ## - CATALOGING SOURCE
- Original cataloging agency: JO-AjAnu
- Transcribing agency: JO-AjAnu
150 ## - HEADING--TOPICAL TERM
- Topical term or geographic name entry element: الثورة العربية الكبرى - تاريخ -1916
670 ## - SOURCE DATA FOUND
- Source citation: Work cat.: (JO-AjAnu)24911: بقلم عضو جمعية عربية سرية, author 48696, ثورة العرب الكبرى 1916